[Event "III Torneo Internacional "]
[Site "Zaragoza"]
[Date "2008.10.23"]
[Round "6.2"]
[White "Garza Marco Sergio"]
[Black "Barsov Alexei"]
[Result "1/2-1/2"]
[WhiteElo "2394"]
[BlackElo "2513"]

1.d4 d5 2.c4 e6 3.Nc3 Bb4 4.e3 Nf6 5.Ne2 O-O 6.a3 Be7 7.cxd5 exd5 8.g3 a5 9.
Bg2 Na6 10.O-O Re8 11.Kh1 c6 12.f3 c5 13.dxc5 Bxc5 14.Nd4 Nc7 1/2-1/2